LEADER 01389nam a2200277 i 4500 001 000000063205 003 CaOOAMICUS 005 20130919000000.0 008 130919s1977 it u000 u ita u 013 $a34377 040 $aSeMil$bita 100 1 $aBrown, Raymond Edward,$c.$0(OLS)http://semarc/name/3567 240 14$aThe virginal conception and bodily resurrection of Jesus.$0(OLS)http://semarc/title/99731 245 13$aLa concezione verginale e la Risurrezione corporea di Gesù /$cRaymond E. Brown ; Traduzione dall'americano a cura di Carlo Orecchia e Claudio Gianotto. 260 $aBrescia :$bQueriniana,$ccopyr. 1977. 300 $a177 p. ;$c20 cm. 490 0 $aGiornale di teologia ;$v99 650 4$aGesù Cristo - Risurrezione.$0(OLS)http://semarc/subject/5599 650 4$aGesù Cristo - Concezione verginale.$0(OLS)http://semarc/subject/12383 700 1 $aGianotto, Claudio,$d<1950- >.$0(OLS)http://semarc/name/7850 700 1 $aOrecchia, Carlo.$0(OLS)http://semarc/name/31960 830 0$aGiornale di teologia ;$v99.$0(OLS)http://semarc/title/419620 850 $aSeMil 852 $aSeMil$W1$xVenegono$y1$m2XA G 99$j236845$B29358$CSeMilBibl$Z2$F29361 $81 996 $6245$aLa concezione verginale e la Risurrezione corporea di Gesù$9(OLS)http://semarc/title/99730 996 $6260$aBrescia :$bQueriniana$9(OLS)http://semarc/publisher/29615 LEADER 01062nam a2200253 i 4500 001 000000064963 003 CaOOAMICUS 005 20131011000000.0 008 131011s1953 xx u000 u lat u 013 $a36135 040 $aSeMil$bita 100 1 $aLeclercq, Jean,$c.$0(OLS)http://semarc/name/89154 245 10$aAnalecta monastica. 2. série /$cPar Dom Jean Leclercq O. S. B. Mone de Clervaux. 260 $aRomae :$bHerder,$c1953. 300 $a206 p. ;$c25 cm. 490 0 $aStudia Anselmiana ;$v31. 650 4$aMonachesimo - Spiritualità.$0(OLS)http://semarc/subject/2566 650 4$aMonachesimo - Storia.$0(OLS)http://semarc/subject/938 650 4$aMonachesimo - Studi.$0(OLS)http://semarc/subject/6039 830 0$aStudia Anselmiana ;$v31.$0(OLS)http://semarc/title/54 850 $aSeMil 852 $aSeMil$W1$xVenegono$y1$m2M V 124$j31116$B31116$CSeMilBibl$Z2$F31119 $81 996 $6245$aAnalecta monastica. 2. série$9(OLS)http://semarc/title/103020 996 $6260$aRomae :$bHerder$9(OLS)http://semarc/publisher/37715